00834 2200337 4500001002100000005001500021035002000036007000300056008004100059020002200100082001100122084001800133100001900151245008100170250001000251260003200261300002300293650002500316700001200341520003000353990001200383990001200395990001100407990001200418990001100430990001100441990001100452990001100463990001100474990001100485INLIS00000000000202320180531102002 a0010-0518000093ta180531 g 0 ind  a978-602-300-181-1 a297.12 a297.12 ART a0 aARTIF, Mustofa1 aAmalan-amalan Sakti Penyelamat Siksa Kubur /cArtif Mustofa ; editor, El-Yas acet.1 aYogyakarta :bAraska,c2015 a183 hlm. ;c21 cm. aISLAM. SUMBER AJARAN0 aEL, Yas aBibliografi: hlm. 181-183 a16623 a a16623 b a16623b a16623 a a16623a a16623b a16623b a16623a a16623a a16623b